Clonal variation in lipid composition in the latex of Hevea brasiliensis and its implication in latex production (Record no. 55745)

MARC details
000 -LEADER
fixed length control field 00609nam a2200205Ia 4500
100 ## - MAIN ENTRY--AUTHOR NAME
Personal name Nair N U
245 #0 - TITLE STATEMENT
Title Clonal variation in lipid composition in the latex of Hevea brasiliensis and its implication in latex production
260 ## - PUBLICATION, DISTRIBUTION, ETC. (IMPRINT)
Name of publisher Indian Journal of Natural Rubber Research
Year of publication 1993
300 ## - PHYSICAL DESCRIPTION
Number of Pages 143-145
650 ## - SUBJECT ADDED ENTRY--TOPICAL TERM
Topical Term Hevea brasiliensis
650 ## - SUBJECT ADDED ENTRY--TOPICAL TERM
Topical Term Latex production
650 ## - SUBJECT ADDED ENTRY--TOPICAL TERM
Topical Term Lipid composition
700 ## - ADDED ENTRY--PERSONAL NAME
Personal name George P J
700 ## - ADDED ENTRY--PERSONAL NAME
Personal name Simon S P
700 ## - ADDED ENTRY--PERSONAL NAME
Personal name Sreelatha S
700 ## - ADDED ENTRY--PERSONAL NAME
Personal name Thomas M
700 ## - ADDED ENTRY--PERSONAL NAME
Personal name Vijayakumar K R
942 ## - ADDED ENTRY ELEMENTS (KOHA)
Koha item type Journals
Holdings
Withdrawn status Lost status Damaged status Not for loan Home library Current library Date acquired Serial Enumeration / chronology Koha item type
      Journals RRII Library RRII Library 17/12/2021 Volume 6, Issue 1&2 Journals